Responses for Show #5254 - Thursday, June 14, 2007

Contestants

[<< previous game]

Ronni Stolzenberg, a publishing marketer from Brooklyn, New York

Heather Williams, a homemaker and writer from Rock Hill, South Carolina

Jared Cohen, a private equity analyst from Narberth, Pennsylvania (whose 1-day cash winnings total $4,001)

[next game >>]

Jeopardy! Round responses

HISTORICAL BLOGS.
FEARnet
THE GREEK ALPHABET & MORE
BUSINESS
MARYLAND
THE OLD "LINE" STATE
    $200 1
William Sherman

Jared
    $200 6
video on demand

Jared
    $200 25
alpha male/dog

Jared
    $200 11
(Ronni: What is Japan?)
(Alex: Right... no, wait! City!)
(Ronni: Oh.)

Tokyo

HeatherRonni
    $200 16
Pennsylvania

Jared
    $200 19
deadline

Jared
    $400 2
Homer

Heather
    $400 7
The Exorcist

Jared
    $400 27
(Heather: What is beta?)
...
(Alex: Remember, we're dealing with the Greek alphabet and more.)

Betamax

JaredHeather
    $400 12
Otis

Jared
    $400 17
Annapolis

Jared
    $400 21
(Jared: What are sideline seats?)
...
(Alex: I know how to watch basketball!)

recliner

Jared
Triple Stumper
    $600 3
Prince Charles

Jared
    $600 8
obituary

Heather
    $600 28
gamma rays

Jared
    $600 13
(Harvey) Firestone

Jared
    $600 18
Chesapeake Bay

Ronni
    $600 22
tagline

Ronni
    $800 4
Juan Peron

Jared
    $800 9
Sam Raimi

Jared
    $800 29
Delta Force

Jared
    $800 14
American Motors

Triple Stumper
    $800 20
Mason-Dixon Line

Ronni
    $800 23
bloodline

Ronni
    $1000 5
Amelia Earhart

Jared
    $1000 10
Fangoria

Triple Stumper
    $1000 30
omega-3

Jared
    $1000 15
(Ronni: What is Health?)
(Heather: What is Healthcare?)

Hospital

JaredHeatherRonni
    $1000 26
Spiro Agnew

Triple Stumper
    $1,000 24
aquiline

Ronni

Scores at the first commercial break (after clue 15):

Jared Heather Ronni
$6,000 $200 -$1,200

Scores at the end of the Jeopardy! Round:

Jared Heather Ronni
$9,400 -$200 $2,600

Double Jeopardy! Round responses

MEDICINE
2006 SPORTS LAUGHS
OTHER BRITISH ISLES
CELEBRITY PATENTS
SCULPTURE
BE A STELLAR SPELLER
(Alex: These clues have to do with space, and you are going to have to spell the important word in the response.)
    $400 7
laryngitis

Heather
    $400 2
22

Jared
    $400 1
Caribbean

Jared
    $400 12
heartbeat

Jared
    $400 18
Medusa

Ronni
    $400 17
S-I-R-I-U-S

Heather
    $800 8
anemia

Ronni
    $800 3
7:11

Jared
    $800 23
Pitcairn Islands

Ronni
    $800 13
(Alex: Ah, wunnerful, wunnerful.)

Lawrence Welk

Heather
    $800 19
Christo

Triple Stumper
    $800 27
C-Y-G-N-U-S

Jared
    $2,000 9
bilious

Ronni
    $1200 4
in the hole

Jared
    $2,000 24
Cayman Islands

Ronni
    $1200 14
Eddie Van Halen

Jared
    $1200 20
(Heather: Who is Balzac?)

Voltaire

Heather
Triple Stumper
    $1200 28
[The end-of-round signal sounds.]

A-N-T-A-R-E-S

Ronni
    $1600 10
the conjunctiva

Jared
    $1600 5
soccer

Jared
    $1600 25
Guernsey

Heather
    $1600 15
Hedy Lamarr

Jared
    $1600 21
Trajan

Ronni
    $2000 11
cerebrospinal fluid

Triple Stumper
    $2000 6
Stanford

Heather
    $2000 26
(Ronni: What is Malta?)

Cyprus

Ronni
Triple Stumper
    $2000 16
Julie Newmar

Triple Stumper
    $2000 22
(Ronni: What is lava?)
(Heather: What is chalk?)

limestone

HeatherRonni
Triple Stumper

Scores at the end of the Double Jeopardy! Round:

Jared Heather Ronni
$19,400 $1,800 $7,400
(lock game)

[wagering suggestions for these scores]

Final Jeopardy! Round responses

FICTION
HeatherWhat is On the Road?
$1,795
RonniWhat is Dr No?
$7,399
JaredWhat is Casino Royale?
$2,822
Casino Royale

Final scores:

Jared Heather Ronni
$22,222 $5 $1
2-day champion: $26,223 2nd place: $2,000 3rd place: $1,000

Game dynamics:

Coryat scores:

Jared Heather Ronni
$19,400 $1,800 $5,800
28 R,
1 W
8 R,
4 W
12 R
(including 3 DDs),
4 W

Combined Coryat: $27,000

[game clues] [game scores] [suggest correction]

Game tape date: 2007-02-28
The J! Archive is created by fans, for fans. Scraping, republication, monetization, and malicious use prohibited; this site may use cookies and collect identifying information. See terms. The Jeopardy! game show and all elements thereof, including but not limited to copyright and trademark thereto, are the property of Jeopardy Productions, Inc. and are protected under law. This website is not affiliated with, sponsored by, or operated by Jeopardy Productions, Inc. Join the discussion at JBoard.tv.